000 00396cam a2200169ua 4500
020 _c4
041 _amal
_h
082 _a894.812.308
_bMAN/SI
100 _aMajrova, Mary .
245 _aSiren-Part I /
_cMary Majrova.
_hTextual Documents
260 _aErnamkulam :
_bC I C C Book House ,
_c1964.
300 _a328 ; .
365 _a4
504 _a
942 _cBK
999 _c3885
_d3885